000 00628nam a22002057a 4500
003 OSt
005 20140310181806.0
008 130704t xxu||||| |||| 00| 0 eng d
020 _a1860078605
050 _aGN 333
_b.Number: P554 2006
082 _2REF 305.822
_bP54 2006
245 _aJust the Facts:
_bpeople of the world
260 _aChina :
_bTicktock entertaiment,
_cc2006.
300 _a64 p. :
_bill. (chiefly col.), col. maps ;
_c28 cm.
520 _a1. Ethnology-Juvenile literature. 2. Manners and customs-Juvenile literature.
521 _a
541 _j1
562 _e1
942 _2lcc
_cBK-GR
_kREF
999 _c3800
_d3800